| 000 | 01319nam a22003377a 4500 | ||
|---|---|---|---|
| 999 |
_c1830 _d1830 |
||
| 003 | AR-CdUCM | ||
| 008 | 190228b ||||| |||| 00| 0 spa d | ||
| 020 | _a8482801920 | ||
| 040 |
_aMUNICIPALIDAD PROVINCIAL DEL CUSCO _cBIBLIOTECA MUNICIPAL DEL CUSCO |
||
| 041 | _heng | ||
| 082 |
_a821 / _bB99 |
||
| 100 |
_aByron, George Gordon Lord _96703 |
||
| 245 |
_aPoesía romantica inglesa / _c |
||
| 260 |
_aBogotá : _bLa oveja negra, _c1984. |
||
| 300 |
_a126 páginas ; _c19 cm. |
||
| 440 |
_aHistoria universal de la literatura, _n92. _96704 |
||
| 505 | _aCotenido : Wlliam Blake -- William Wordsworth -- Samuel Taylor Coleridge -- George Gordon, Lord Byron -- Percy Bysshe Shelley -- Jhon Keats. | ||
| 650 |
_aRomanticismo británico _96705 |
||
| 650 |
_aPoesía _9139 |
||
| 650 |
_aLiteratura inglesa _91015 |
||
| 700 |
_a Byron, George Gordon, Lord _96706 |
||
| 700 |
_aShelley, Percy Bysshe _96707 |
||
| 700 |
_aKeats, Jhon _96708 |
||
| 700 |
_aBlake, Wlliam _96709 |
||
| 700 |
_aWordsworth, William _96710 |
||
| 700 |
_aColeridge, Samuel Taylor _96711 |
||
| 700 |
_aManent, M (traductor) _96712 |
||
| 700 |
_aLuaces, Juan G. de (traductor) _96713 |
||
| 942 |
_2ddc _cLIBROS |
||
| 945 | _azta | ||